000 00667nam a2200217Ia 4500
005 20241129105904.0
008 241129s9999||||xx |||||||||||||| ||und||
020 _a978-93-91928-78-0
037 _aTB
040 _aARTS
_beng
_cARTS
041 _aeng
_2eng
084 _aV2:51 R3
_qARTS
100 _aSingharoy Debal K. Au.
_9726577
245 0 _aPatriotism, partition and the persecuted: social biography of victims of partition
_cSingharoy Debal K. Au.
260 _aNew Delhi, India
_bNew Manohar
_c2022
300 _a235p.
365 _aINR
_b1395
650 _aHistory-IndiaFreedom Struggle
942 _cTB
_hV2:51 R3
999 _c1226446
_d1226446